Countries out of place on the Map of Europe - Statistics

General Stats
  • This quiz has been taken 771 times
  • The average score is 9 of 10
Answers on the Map
Answers color-coded by a green-red scale on the quiz's map according to % correct below.
 
Answer Stats
Answer % Correct
Portugal
97%
Iceland
96%
Greece
94%
Netherlands
94%
Estonia
92%
United Kingdom
89%
North Macedonia
88%
Ireland
85%
Andorra
81%
Liechtenstein
80%
No matching quizzes found
Score Distribution
Percent of People with Each Score
Percentile by Number Answered
Your Score History
You have not taken this quiz